| 000 | 00332nam a2200133Ia 4500 | ||
|---|---|---|---|
| 008 | 200615s9999||||xx |||||||||||||| ||und|| | ||
| 020 | _a9788122407921 | ||
| 082 |
_a581 _bGYM-B |
||
| 100 | _aBHATNAGAR,SP | ||
| 245 | 0 | _aGYMNOSPERMS | |
| 260 |
_aNEW DELHI _bNEW AGE PUBLICATIONS (ACADEMIC),INDIA _c2017 |
||
| 300 | _a470 | ||
| 942 | _cBK | ||
| 999 |
_c30772 _d30772 |
||